What you should know about snoring and what you can do about it
| Main Author: | |
|---|---|
| Format: | Book |
| Published: |
NSW :
The Health library ,
1990
|
| Subjects: |
MARC
| LEADER | 00000cam a2200000 7i4500 | ||
|---|---|---|---|
| 001 | 0000005146 | ||
| 005 | 20131011.0 | ||
| 020 | |a 1863370293 | ||
| 090 | 0 | 0 | |a 612.21 |b PAR |
| 100 | 1 | |a Parmentier, Marc | |
| 245 | 1 | 0 | |a What you should know about snoring and what you can do about it |c Marc Parmentier |
| 260 | |a NSW : |b The Health library , |c 1990 | ||
| 300 | |a 60 p. ; |c 20 cm. | ||
| 650 | 0 | 0 | |a Snoring |x Popular works |
| 999 | |a 030935 |b BUKU |c PINJAMAN |e PERPUSTAKAAN KOMUNITI PETALING JAYA | ||
| 999 | |a 030936 |b BUKU |c PINJAMAN |e PERPUSTAKAAN KOMUNITI PETALING JAYA | ||